| 000 | 00937nam a22002537a 4500 | ||
|---|---|---|---|
| 999 |
_c65164 _d65164 |
||
| 005 | 20240530110810.0 | ||
| 008 | 160313s2013 ua f f b 000 0 ara d | ||
| 017 |
_a2006/17222 _bمصر . دار الكتب المصرية |
||
| 020 | _a9770522567 | ||
| 040 |
_aEG-CaGPL _cEG-CaGPL |
||
| 082 | 0 | 4 |
_221 _a750\ _bأ ت |
| 100 | 0 | _aاسامة الفقى | |
| 245 | 1 | 2 |
_aالتفكير بالالوان : _bمائة لوحة مختارة / _cاسامة الفقى . |
| 250 | _aط.1 | ||
| 260 |
_aالقاهرة : _bمكتبة الانجلو المصرية ، _c2013 . |
||
| 300 |
_a258 ص. : _bلوحات ؛ _c21 سم . |
||
| 504 | _aيشتمل على ارجاعات ببليوجرافية | ||
| 650 | 0 | 4 |
_aالتصوير الزيتى _2qrmak |
| 650 | 0 | 4 |
_aاللوحات الفنية _2qrmak |
| 650 | 0 | 4 |
_aاللوحات الرمزية _2qrmak |
| 651 | _2qrmak | ||
| 942 |
_2ddc _cBK |
||